| 000 | 00791nam a2200253 a 4500 | ||
|---|---|---|---|
| 001 | 000028890 | ||
| 003 | DO-SdBNP | ||
| 005 | 20240412074009.0 | ||
| 007 | ta | ||
| 008 | 110412s2006 dr 000 0 spa d | ||
| 040 |
_aDO-SdBNP _bspa _cBNPHU |
||
| 049 | _aBNPD | ||
| 082 | 4 |
_bM671h, 2006 _222 |
|
| 100 | 1 |
_aMir, Pedro, _d1913-2000 _97245 |
|
| 245 | 1 | 0 |
_aHay un país en el mundo / _cPedro Mir ; editor Tomás Castro Burdiez. |
| 250 | _a3a ed. | ||
| 260 |
_aSanto Domingo : _bFundacion para la Educacion y el Arte (Educarte), _c2006. |
||
| 300 |
_a16 p. : _b22 cm. |
||
| 490 | 1 |
_aCuadernos educativos y culturales _v4 |
|
| 590 | _aInventariado, 2023/BT | ||
| 700 |
_aCastro, Tomás, _d1959- _eed. _924641 |
||
| 830 | 0 |
_aCuadernos educativos y culturales ; _955465 _n4 |
|
| 942 |
_2ddc _cLBS1 |
||
| 999 |
_c28382 _d28382 |
||